Normal view
MARC view
- Wit and humor
Entry Topical Term
001 - CONTROL NUMBER
- control field: 4834
003 - CONTROL NUMBER IDENTIFIER
- control field: OSt
005 - DATE AND TIME OF LATEST TRANSACTION
- control field: 20170516092750.0
008 - FIXED-LENGTH DATA ELEMENTS
- fixed length control field: 170516|| aca||aabn | a|a d
040 ## - CATALOGING SOURCE
- Original cataloging agency: OSt
- Transcribing agency: OSt
150 ## - HEADING--TOPICAL TERM
- Topical term or geographic name entry element: Wit and humor
- General subdivision: Islam
670 ## - SOURCE DATA FOUND
- Source citation: Work cat.: (OSt)0: A. K. Alang Jaafar 4832, Himpunan kisah-kisah lucu /, 1998

PORTAL AKMAL
E-MEL JKDM
AKMAL2U
G-BAM
u-PUSTAKA